Le sacre de l'acteur : Émergence du vedettariat théâtral de Molière à Sarah Bernhardt (notice n° 2130220)

détails MARC
000 -LEADER
fixed length control field 02269cam a2200157 4500500
005 - DATE AND TIME OF LATEST TRANSACTION
control field 20260405022206.0
041 ## - LANGUAGE CODE
Language code of text/sound track or separate title fre
042 ## - AUTHENTICATION CODE
Authentication code dc
100 10 - MAIN ENTRY--PERSONAL NAME
Personal name Filippi, Florence
Relator term author
245 00 - TITLE STATEMENT
Title Le sacre de l'acteur : Émergence du vedettariat théâtral de Molière à Sarah Bernhardt
260 ## - PUBLICATION, DISTRIBUTION, ETC.
Name of publisher, distributor, etc. Armand Colin,<br/>
Date of publication, distribution, etc. 2017.<br/>
520 ## - SUMMARY, ETC.
Summary, etc. Les célébrités font partie de notre quotidien : elles imposent leurs propres systèmes de valeurs. Sport, politique, cinéma, musique, télévision sont aujourd’hui les sphères principales du vedettariat. Elles font des vedettes de véritables modèles culturels, sociaux, politiques et économiques. Intimement liée à l’imaginaire de la culture populaire, la célébrité est loin d’être l’apanage du champ artistique, et relève davantage aujourd’hui des espaces médiatiques de masse. Et des arts vivants comme le théâtre et la danse sont aujourd’hui moins représentatifs du star-system. Pourtant, ces pratiques culturelles constituent le fondement archéologique du vedettariat, puisqu’elles sont conditionnées par une performance mais aussi par l’intérêt symbolique qu’elles suscitent auprès du public. Notre ouvrage s’attarde sur cette période d’émergence du vedettariat théâtral, entre le XVIIe et le XIXe siècle, en observant les discours sur la célébrité, celle des auteurs dramatiques, des directeurs de théâtre, des peintres et décorateurs, mais surtout celle des interprètes (acteurs, chanteurs et danseurs), qui représentent les plus exemplaires témoins de cette forme si singulière de reconnaissance publique. Ont contribué à cet ouvrage : G. Forestier, A. Sanjuan, A. Pellois, D. Chardonnet- Darmaillacq, V. de Santis, S. Bastemeyer, M. Poirson, P. Bourdin, M.-A. Rauch, S. Loncle, C. Giron-Panel, S. Serre, C. Triolaire, F. Naugrette, R. Markovits, S. Olivesi, C. Frigau Manning, R. Jobez, S. Ledda, M. Fazio, A. Picault. Avec une préface d’Éric Ruf, administrateur général de la Comédie-Française et les images cédées gracieusement par la Comédie-Française.
700 10 - ADDED ENTRY--PERSONAL NAME
Personal name Harvey, Sara
Relator term author
700 10 - ADDED ENTRY--PERSONAL NAME
Personal name Marchand, Sophie
Relator term author
856 41 - ELECTRONIC LOCATION AND ACCESS
Uniform Resource Identifier <a href="https://shs.cairn.info/sacre-de-l-acteur--9782200615529?lang=fr&redirect-ssocas=7080">https://shs.cairn.info/sacre-de-l-acteur--9782200615529?lang=fr&redirect-ssocas=7080</a>

Pas d'exemplaire disponible.

PLUDOC

PLUDOC est la plateforme unique et centralisée de gestion des bibliothèques physiques et numériques de Guinée administré par le CEDUST. Elle est la plus grande base de données de ressources documentaires pour les Étudiants, Enseignants chercheurs et Chercheurs de Guinée.

Adresse

627 919 101/664 919 101

25 boulevard du commerce
Kaloum, Conakry, Guinée

Réseaux sociaux

Powered by Netsen Group @ 2025